| 000 | 00463nam a2200169Ia 4500 | ||
|---|---|---|---|
| 003 | GCL | ||
| 008 | 140319s9999 xx 000 0 ara d | ||
| 040 |
_aGCL / _cGCL |
||
| 082 | 0 | 4 |
_a811 _bس ر |
| 100 | 1 | _aسيف الرحبى | |
| 245 | 1 | 0 |
_aراس المسافر / _cسيف الرحبى |
| 260 |
_a[S.N] : _bدار توبقال للنشر |
||
| 300 | _a55 ص | ||
| 490 | _a | ||
| 650 | 0 | 4 | _aالشعر العربى - العصر الحديث |
| 942 |
_2ddc _cBK |
||
| 999 |
_c30696 _d30696 |
||